[Event "RUS-chT Seniors"]
[Site "Sochi"]
[Date "2017.05.10"]
[Round "10.1"]
[White "Karimov, Rashid"]
[Black "Kremenietsky, Anatoly M"]
[Result "1/2-1/2"]
[WhiteElo "2156"]
[BlackElo "2295"]
[PlyCount "44"]
[EventDate "2017.05.01"]
[EventType "team-tourn"]
[EventRounds "10"]
[EventCountry "RUS"]
[SourceTitle "CBM 178 Extra"]
[Source "ChessBase"]
[SourceDate "2017.06.22"]
[SourceVersion "1"]
[SourceVersionDate "2017.06.22"]
[SourceQuality "1"]

1. c4 e5 2. Nc3 d6 3. g3 g6 4. Bg2 Bg7 5. Nf3 Nc6 6. d3 Nge7 7. 0-0 0-0 8. Rb1 Nd4 9. Bg5 h6 10. Bxe7 Nxf3+ 11. Bxf3 Qxe7 12. b4 c6 13. b5 c5 14. Bg2 Be6 15. b6 a6 16. Nd5 Bxd5 17. Bxd5 Kh8 18. e3 Rab8 19. Kg2 Qd7 20. Qf3 Qe7 21. Qd1 Qd7 22. Qf3 Qe7 1/2-1/2

[Event "RUS-chT Seniors"]
[Site "Sochi"]
[Date "2017.05.06"]
[Round "6.1"]
[White "Kremenietsky, Anatoly M"]
[Black "Rashkovsky, Nukhim N"]
[Result "1/2-1/2"]
[WhiteElo "2295"]
[BlackElo "2499"]
[PlyCount "37"]
[EventDate "2017.05.01"]
[EventType "team-tourn"]
[EventRounds "10"]
[EventCountry "RUS"]
[SourceTitle "CBM 178 Extra"]
[Source "ChessBase"]
[SourceDate "2017.06.22"]
[SourceVersion "1"]
[SourceVersionDate "2017.06.22"]
[SourceQuality "1"]

1. d4 d5 2. Nf3 Nf6 3. c4 c6 4. cxd5 cxd5 5. Nc3 Nc6 6. Bf4 Bf5 7. e3 e6 8. Bd3 Bxd3 9. Qxd3 Bd6 10. Bxd6 Qxd6 11. 0-0 0-0 12. Rfc1 Rfc8 13. Nb5 Qe7 14. Nc3 Qd6 15. Nb5 Qe7 16. Nc3 Qd6 17. Nb5 Qe7 18. Nc3 Qd6 19. Nb5 1/2-1/2

[Event "RUS-chT Seniors final"]
[Site "Sochi"]
[Date "2016.05.05"]
[Round "5.3"]
[White "Loginov, Alexander"]
[Black "Kremenietsky, Anatoly M"]
[Result "1/2-1/2"]
[WhiteElo "2123"]
[BlackElo "2320"]
[PlyCount "85"]
[EventDate "2016.05.01"]
[EventType "team-tourn"]
[EventRounds "9"]
[EventCountry "RUS"]
[SourceTitle "EXT 2018"]
[Source "ChessBase"]
[SourceDate "2017.10.13"]
[SourceVersion "1"]
[SourceVersionDate "2017.10.13"]
[SourceQuality "1"]
[WhiteTeam "Samara Zhiguli Seniors"]
[BlackTeam "Moscow Our Heritage"]
[WhiteTeamCountry "RUS"]
[BlackTeamCountry "RUS"]

1. e4 c5 2. Nf3 d6 3. Nc3 Nf6 4. d4 cxd4 5. Nxd4 Nc6 6. Bc4 e6 7. Be3 Be7 8. Qe2 a6 9. 0-0-0 Qc7 10. Bb3 Bd7 11. g4 Nxd4 12. Rxd4 Bc6 13. g5 Nd7 14. f4 Nc5 15. Kb1 b5 16. a3 f5 17. Rf1 Nxb3 18. cxb3 fxe4 19. Qg4 Bd7 20. Rxe4 d5 21. Re5 0-0 22. Nxd5 exd5 23. Rxe7 Bf5+ 24. Qxf5 Qxe7 25. Qxd5+ Qf7 26. Rd1 Qxd5 27. Rxd5 Rad8 28. Rxd8 Rxd8 29. Kc2 Kf7 30. Bd2 Ke6 31. Bc3 g6 32. a4 Kd5 33. Kd3 Kc5+ 34. Ke4 Re8+ 35. Be5 Rf8 36. h4 Kc6 37. a5 Kd7 38. Kd5 Rc8 39. Bc3 Rc6 40. Ke5 Re6+ 41. Kd5 Rd6+ 42. Kc5 Re6 43. Kd5 1/2-1/2

[Event "RUS-chT blitz"]
[Site "Sochi"]
[Date "2015.05.10"]
[Round "6.19"]
[White "Kremenietsky, Anatoly M"]
[Black "Zablotsky, Sergei"]
[Result "0-1"]
[WhiteElo "2316"]
[BlackElo "2525"]
[PlyCount "66"]
[EventDate "2015.05.10"]
[EventType "team-swiss (blitz)"]
[EventRounds "11"]
[EventCountry "RUS"]
[SourceTitle "CBM 166 Extra"]
[Source "ChessBase"]
[SourceDate "2015.06.18"]
[SourceVersion "1"]
[SourceVersionDate "2015.06.18"]
[SourceQuality "1"]
[WhiteTeam "Moscow Our Heritage Seniors"]
[BlackTeam "Krasnoyarsk 56 parallel"]
[WhiteTeamCountry "RUS"]
[BlackTeamCountry "RUS"]

1. Nf3 d5 2. b4 Nf6 3. e3 Bg4 4. Bb2 Nbd7 5. c4 e5 6. Qb3 Bxf3 7. gxf3 c6 8. cxd5 cxd5 9. Nc3 d4 10. Bc4 Qe7 11. Nd5 Nxd5 12. Bxd5 Nb6 13. Be4 0-0-0 14. Rc1+ Kb8 15. b5 g6 16. a4 f5 17. Bb1 Qb4 18. Qxb4 Bxb4 19. exd4 exd4 20. Kd1 Nxa4 21. Ba1 Nb6 22. Re1 Rd7 23. Ba2 Rhd8 24. Re6 Ba3 25. Rb1 Bf8 26. Bb3 Bg7 27. Rc1 Nd5 28. Rc4 Nf4 29. Re1 Nd3 30. Re2 b6 31. Rc6 Nc5 32. Bc4 Kb7 33. Bb2 a6 0-1

[Event "RUS-chT blitz"]
[Site "Sochi"]
[Date "2015.05.10"]
[Round "3.23"]
[White "Pogromsky, Mikhail"]
[Black "Kremenietsky, Anatoly M"]
[Result "0-1"]
[WhiteElo "2428"]
[BlackElo "2316"]
[PlyCount "86"]
[EventDate "2015.05.10"]
[EventType "team-swiss (blitz)"]
[EventRounds "11"]
[EventCountry "RUS"]
[SourceTitle "CBM 166 Extra"]
[Source "ChessBase"]
[SourceDate "2015.06.18"]
[SourceVersion "1"]
[SourceVersionDate "2015.06.18"]
[SourceQuality "1"]
[WhiteTeam "Nizhny Tagil Politekhnik"]
[BlackTeam "Moscow Our Heritage Seniors"]
[WhiteTeamCountry "RUS"]
[BlackTeamCountry "RUS"]

1. Nf3 f5 2. c4 Nf6 3. Nc3 g6 4. d4 Bg7 5. g3 0-0 6. Bg2 d6 7. 0-0 Qe8 8. b4 e5 9. e3 Qf7 10. c5 e4 11. Ng5 Qc4 12. Bd2 h6 13. Nh3 g5 14. a4 a5 15. bxa5 dxc5 16. dxc5 Qxc5 17. Nb5 c6 18. Rc1 Qe7 19. Nd4 Na6 20. Qb3+ Qf7 21. Qa3 Be6 22. Nxe6 Qxe6 23. Bc3 Nd5 24. Bxg7 Kxg7 25. Qb2+ Kg8 26. Qxb7 Nab4 27. Rb1 Rfb8 28. Rxb4 Rxb7 29. Rxb7 Nc3 30. Ra1 Qd6 31. Bf1 Rxa5 32. Rc1 Qd2 33. Ra1 Rxa4 34. Rxa4 Nxa4 35. Rc7 Qc2 36. Rd7 Nb2 37. Rd6 Nd3 38. Rxh6 g4 39. Bxd3 exd3 40. Ng5 d2 41. Rg6+ Kf8 42. Rf6+ Ke7 43. Rf7+ Ke8 0-1

[Event "RUS-chT Seniors final"]
[Site "Sochi"]
[Date "2015.05.02"]
[Round "2.1"]
[White "Kremenietsky, Anatoly M"]
[Black "Mishuchkov, Nikolai Mikhailovic"]
[Result "1/2-1/2"]
[WhiteElo "2333"]
[BlackElo "2324"]
[PlyCount "57"]
[EventDate "2015.05.01"]
[EventType "team-tourn"]
[EventRounds "5"]
[EventCountry "RUS"]
[SourceTitle "EXT 2018"]
[Source "ChessBase"]
[SourceDate "2017.10.13"]
[SourceVersion "1"]
[SourceVersionDate "2017.10.13"]
[SourceQuality "1"]

1. d4 Nf6 2. c4 e6 3. Nf3 Bb4+ 4. Bd2 Bxd2+ 5. Qxd2 0-0 6. Nc3 d5 7. e3 Qe7 8. Bd3 dxc4 9. Bxc4 Rd8 10. Qe2 c5 11. dxc5 Qxc5 12. 0-0 Nc6 13. Rfd1 Bd7 14. Rac1 Rac8 15. a3 a6 16. Bd3 Ne5 17. Ne1 Nxd3 18. Nxd3 Qa5 19. Rc2 h6 20. Rcd2 Bc6 21. Nb4 Be8 22. Rxd8 Rxd8 23. Rxd8 Qxd8 24. Qd3 Qxd3 25. Nxd3 Bc6 26. Nb4 Be8 27. Nd3 Bc6 28. Nb4 Be8 29. Nd3 1/2-1/2

[Event "WchT Seniors 65"]
[Site "Vilnius"]
[Date "2014.07.21"]
[Round "9.2"]
[White "Van Dongen, Rob"]
[Black "Kremenietsky, Anatoly M"]
[Result "0-1"]
[WhiteElo "1977"]
[BlackElo "2333"]
[PlyCount "78"]
[EventDate "2014.07.13"]
[EventType "team-swiss"]
[EventRounds "9"]
[EventCountry "LTU"]
[SourceTitle "CBM 161 Extra"]
[Source "ChessBase"]
[SourceDate "2014.08.29"]
[SourceVersion "1"]
[SourceVersionDate "2014.08.29"]
[SourceQuality "1"]
[WhiteTeam "Netherlands"]
[BlackTeam "Russia"]
[WhiteTeamCountry "NED"]
[BlackTeamCountry "RUS"]

1. d4 Nf6 2. c4 g6 3. Nc3 Bg7 4. e4 d6 5. Nf3 0-0 6. Be2 c6 7. 0-0 Na6 8. h3 e5 9. dxe5 dxe5 10. Qxd8 Rxd8 11. Bg5 Re8 12. Rfe1 Nc5 13. Bf1 a5 14. Rad1 h6 15. Bc1 a4 16. g4 h5 17. g5 Nfd7 18. Be3 b6 19. Rd6 Bb7 20. Red1 Nf8 21. h4 Nfe6 22. Bh3 Nf4 23. Bd7 Nxd7 24. Rxd7 Bc8 25. Rd8 Bg4 26. Rxe8+ Rxe8 27. Bxb6 Bxf3 28. Rd6 Rc8 29. c5 Ne2+ 30. Nxe2 Bxe2 31. Kg2 Bc4 32. a3 Be6 33. f3 Bf8 34. Rd2 Be7 35. Kg3 f5 36. exf5 Bxf5 37. Re2 Bd8 38. Rxe5 Bxb6 39. cxb6 Rb8 0-1

[Event "EU-chT Seniors"]
[Site "Sibenik"]
[Date "2014.04.05"]
[Round "5.4"]
[White "Hammar, Bengt Erik"]
[Black "Kremenietsky, Anatoly M"]
[Result "0-1"]
[WhiteElo "2232"]
[BlackElo "2332"]
[PlyCount "60"]
[EventDate "2014.04.01"]
[EventType "team-swiss"]
[EventRounds "9"]
[EventCountry "CRO"]
[SourceTitle "CBM 159 Extra"]
[Source "ChessBase"]
[SourceDate "2014.04.24"]
[SourceVersion "1"]
[SourceVersionDate "2014.04.24"]
[SourceQuality "1"]
[WhiteTeam "Sweden Seniors"]
[BlackTeam "Russia Seniors II"]
[WhiteTeamCountry "SWE"]
[BlackTeamCountry "RUS"]

1. d4 Nf6 2. Nf3 d6 3. c4 Nbd7 4. Nc3 e5 5. e4 g6 6. Be2 Bg7 7. 0-0 0-0 8. Be3 Re8 9. d5 a5 10. Ne1 b6 11. Nd3 Nc5 12. Nxc5 bxc5 13. Qd2 Ng4 14. Bxg4 Bxg4 15. Bh6 Bd7 16. Bxg7 Kxg7 17. f4 Rb8 18. f5 Qh4 19. Rae1 gxf5 20. exf5 Qd4+ 21. Qf2 Rxb2 22. Re2 Rxe2 23. Nxe2 Qxf2+ 24. Rxf2 Rb8 25. Ng3 Rb1+ 26. Nf1 Rc1 27. Rb2 Bxf5 28. Kf2 Rc2+ 29. Rxc2 Bxc2 30. Ne3 Bb1 0-1

[Event "Pardubice opJ"]
[Site "Pardubice"]
[Date "2011.07.17"]
[Round "3"]
[White "Kremenietsky, Anatoly M"]
[Black "Andersen, Rune"]
[Result "1-0"]
[WhiteElo "2371"]
[BlackElo "2145"]
[PlyCount "92"]
[EventDate "2011.07.15"]
[EventType "swiss"]
[EventRounds "7"]
[EventCountry "CZE"]
[SourceTitle "CBM 143 Extra"]
[Source "ChessBase"]
[SourceDate "2011.08.29"]
[SourceVersion "1"]
[SourceVersionDate "2011.08.29"]
[SourceQuality "1"]

1. e4 c5 2. Nf3 Nc6 3. d4 cxd4 4. Nxd4 Nf6 5. Nc3 e5 6. Ndb5 d6 7. Nd5 Nxd5 8. exd5 Nb8 9. a4 a6 10. Na3 Be7 11. Nc4 0-0 12. a5 Nd7 13. Be3 f5 14. f3 Nf6 15. Nb6 Rb8 16. Be2 f4 17. Bf2 e4 18. fxe4 Nxe4 19. 0-0 Nxf2 20. Rxf2 Bh4 21. Rf1 Qg5 22. Nxc8 Rbxc8 23. Bg4 Rce8 24. Be6+ Kh8 25. Ra3 Qe5 26. Rb3 Re7 27. Rh3 Bf6 28. c3 g6 29. Rhf3 Bg7 30. Qd2 g5 31. Qf2 Rxe6 32. dxe6 Qxe6 33. h4 h6 34. hxg5 hxg5 35. Rh3+ Kg8 36. Re1 Be5 37. Qc2 Rf7 38. Qe4 Rg7 39. Rd1 g4 40. Rh5 Kf7 41. Rf5+ Ke8 42. Rxf4 Re7 43. Rxg4 Qb3 44. Qd5 Qxb2 45. Rb4 Qxc3 46. Qg8+ Kd7 1-0

[Event "Moscow-ch KO"]
[Site "Moscow"]
[Date "2011.05.18"]
[Round "1.2"]
[White "Kremenietsky, Anatoly M"]
[Black "Kharitonov, Alexandr"]
[Result "1/2-1/2"]
[WhiteElo "2371"]
[BlackElo "2556"]
[PlyCount "43"]
[EventDate "2011.05.18"]
[EventType "k.o."]
[EventRounds "2"]
[EventCountry "RUS"]
[SourceTitle "CBM 142 Extra"]
[Source "ChessBase"]
[SourceDate "2011.06.27"]
[SourceVersion "1"]
[SourceVersionDate "2011.06.27"]
[SourceQuality "1"]

1. e4 c6 2. d4 d5 3. Nc3 dxe4 4. Nxe4 Bf5 5. Ng3 Bg6 6. h4 h6 7. N1e2 Nf6 8. Nf4 Bh7 9. c3 e6 10. Bd3 Bxd3 11. Nxd3 Bd6 12. Qf3 Nbd7 13. Bd2 Qc7 14. Nh5 Nxh5 15. Qxh5 Nf6 16. Qf3 Qa5 17. c4 Qh5 18. Qxh5 Nxh5 19. g4 Nf6 20. f3 h5 21. g5 Ng8 22. Bc3 1/2-1/2

[Event "RUS-ch Seniors"]
[Site "Odintsovo"]
[Date "2011.04.25"]
[Round "7"]
[White "Kudriashov, Yuri"]
[Black "Kremenietsky, Anatoly M"]
[Result "1/2-1/2"]
[WhiteElo "2196"]
[BlackElo "2367"]
[PlyCount "28"]
[EventDate "2011.04.19"]
[EventType "swiss"]
[EventRounds "9"]
[EventCountry "RUS"]
[SourceTitle "CBM 142 Extra"]
[Source "ChessBase"]
[SourceDate "2011.06.27"]
[SourceVersion "1"]
[SourceVersionDate "2011.06.27"]
[SourceQuality "1"]

1. e4 d6 2. Nf3 c5 3. Bb5+ Bd7 4. Qe2 e6 5. c3 Nf6 6. 0-0 Be7 7. d4 cxd4 8. cxd4 d5 9. e5 Ne4 10. Nbd2 Nxd2 11. Bxd2 Bxb5 12. Qxb5+ Qd7 13. Qd3 Nc6 14. a3 0-0 1/2-1/2

[Event "RUS-ch Seniors"]
[Site "Odintsovo"]
[Date "2011.04.22"]
[Round "4"]
[White "Kremenietsky, Anatoly M"]
[Black "Shmatkov, Mikhail"]
[Result "0-1"]
[WhiteElo "2367"]
[BlackElo "2163"]
[PlyCount "62"]
[EventDate "2011.04.19"]
[EventType "swiss"]
[EventRounds "9"]
[EventCountry "RUS"]
[SourceTitle "CBM 142 Extra"]
[Source "ChessBase"]
[SourceDate "2011.06.27"]
[SourceVersion "1"]
[SourceVersionDate "2011.06.27"]
[SourceQuality "1"]

1. c4 e5 2. Nc3 Nc6 3. g3 g6 4. Bg2 Bg7 5. d3 d6 6. Rb1 Nf6 7. b4 a6 8. Bg5 h6 9. Bxf6 Bxf6 10. Nf3 0-0 11. 0-0 Bg7 12. Nd5 Be6 13. Nd2 Nb8 14. Nb3 c6 15. Nc3 Nd7 16. a4 f5 17. Qd2 Nf6 18. b5 axb5 19. axb5 Qd7 20. Ra1 Rfc8 21. bxc6 bxc6 22. f4 Rab8 23. Rab1 Qa7+ 24. Kh1 Ng4 25. fxe5 dxe5 26. Bf3 Ne3 27. Rfc1 e4 28. Ra1 Qb6 29. Nxe4 fxe4 30. Bxe4 Ng4 31. Rab1 Nf2+ 0-1

[Event "RUS-ch Seniors"]
[Site "Odintsovo"]
[Date "2011.04.19"]
[Round "1"]
[White "Martynov, Vladimir"]
[Black "Kremenietsky, Anatoly M"]
[Result "1/2-1/2"]
[WhiteElo "2154"]
[BlackElo "2367"]
[PlyCount "53"]
[EventDate "2011.04.19"]
[EventType "swiss"]
[EventRounds "9"]
[EventCountry "RUS"]
[SourceTitle "CBM 142 Extra"]
[Source "ChessBase"]
[SourceDate "2011.06.27"]
[SourceVersion "1"]
[SourceVersionDate "2011.06.27"]
[SourceQuality "1"]

1. e4 c5 2. Nf3 d6 3. d4 cxd4 4. Nxd4 Nf6 5. Nc3 Nc6 6. g3 g6 7. Bg2 Bd7 8. 0-0 Bg7 9. Nb3 0-0 10. Nd5 a5 11. a4 Ne5 12. Nd4 Rc8 13. h3 Nc6 14. Nb5 Nb4 15. Nxb4 axb4 16. Nd4 Qc7 17. Be3 Rfd8 18. Qd2 e5 19. Nb5 Bxb5 20. axb5 Qc4 21. b3 Qxb5 22. Ra4 Rc3 23. Rfa1 Qc6 24. Rxb4 Rxc2 25. Qd3 Nd7 26. Ra7 Rc3 27. Qd5 1/2-1/2

[Event "Moscow Aeroflot op-B 10th"]
[Site "Moscow"]
[Date "2011.02.13"]
[Round "6"]
[White "Krapivin, Alexander"]
[Black "Kremenietsky, Anatoly M"]
[Result "1/2-1/2"]
[WhiteElo "2476"]
[BlackElo "2372"]
[PlyCount "186"]
[EventDate "2011.02.08"]
[EventType "swiss"]
[EventRounds "9"]
[EventCountry "RUS"]
[SourceTitle "CBM 140 Extra"]
[Source "ChessBase"]
[SourceDate "2011.03.01"]
[SourceVersion "1"]
[SourceVersionDate "2011.03.01"]
[SourceQuality "1"]

1. e4 c5 2. Nc3 Nc6 3. g3 g6 4. Bg2 Bg7 5. d3 d6 6. Be3 e5 7. Qd2 Nge7 8. Bh6 Bxh6 9. Qxh6 Nd4 10. Qd2 Be6 11. Nd5 Nxd5 12. exd5 Bd7 13. c3 Nf5 14. Nf3 0-0 15. h4 h5 16. Ng5 Kg7 17. Ne4 b5 18. 0-0 Qb6 19. Rae1 f6 20. Kh2 Nh6 21. f3 Rae8 22. Bh3 Bxh3 23. Kxh3 Qd8 24. Kg2 Qd7 25. Re2 Nf7 26. c4 f5 27. Nf2 bxc4 28. dxc4 a5 29. Qxa5 Ra8 30. Qc3 Rxa2 31. f4 Kh8 32. fxe5 Nxe5 33. Ne4 f4 34. Ng5 Kg8 35. Ref2 Ng4 36. Rxf4 Rxf4 37. Rxf4 Qg7 38. Qxg7+ Kxg7 39. Ne6+ Kh6 40. Rf7 Rxb2+ 41. Kf1 Ne5 42. Re7 Rb1+ 43. Ke2 Rb2+ 44. Kd1 Ng4 45. Ng5 Nf6 46. Nf7+ Kg7 47. Nxd6+ Kg8 48. Ne4 Nxe4 49. Rxe4 Kf7 50. Re3 Rb4 51. Rc3 Kf6 52. Kc2 Ke5 53. Kd3 Rb1 54. Ke3 Rg1 55. Kf2 Rd1 56. Ke2 Ra1 57. Rd3 Ra6 58. Kf3 Rf6+ 59. Kg2 Ke4 60. Rd1 Rd6 61. Kh3 Kf5 62. g4+ Kf4 63. g5 Ke5 64. Kg3 Ra6 65. Re1+ Kf5 66. Re3 Ra1 67. Kf3 Rd1 68. Ke2 Rd4 69. Rf3+ Kg4 70. Rd3 Rxc4 71. d6 Re4+ 72. Kd2 Re8 73. d7 Rd8 74. Ke3 c4 75. Rd5 Kxh4 76. Kd4 Kg3 77. Kxc4 h4 78. Kc5 h3 79. Kc6 h2 80. Rd1 Kf4 81. Rh1 Kxg5 82. Rxh2 Kf4 83. Kc7 Ra8 84. Rf2+ Kg3 85. Ra2 Rh8 86. Ra5 Kf4 87. d8Q Rxd8 88. Kxd8 g5 89. Ke7 g4 90. Kf6 g3 91. Rf5+ Kg4 92. Ke5 g2 93. Rf8 Kg3 1/2-1/2

[Event "Moscow Aeroflot op-B 10th"]
[Site "Moscow"]
[Date "2011.02.08"]
[Round "1"]
[White "Kremenietsky, Anatoly M"]
[Black "Laylo, Darwin"]
[Result "0-1"]
[WhiteElo "2372"]
[BlackElo "2516"]
[PlyCount "106"]
[EventDate "2011.02.08"]
[EventType "swiss"]
[EventRounds "9"]
[EventCountry "RUS"]
[SourceTitle "CBM 140 Extra"]
[Source "ChessBase"]
[SourceDate "2011.03.01"]
[SourceVersion "1"]
[SourceVersionDate "2011.03.01"]
[SourceQuality "1"]

1. Nf3 Nf6 2. d4 g6 3. g3 Bg7 4. Bg2 d5 5. c4 dxc4 6. Qa4+ Nbd7 7. Nc3 0-0 8. Qxc4 a6 9. Bf4 c6 10. 0-0 Nb6 11. Qd3 Nbd5 12. Nxd5 Nxd5 13. Bd2 Qb6 14. a3 Qb5 15. Qxb5 axb5 16. e4 Nb6 17. Bb4 Re8 18. Rad1 Be6 19. Rfe1 Na4 20. d5 Bg4 21. b3 c5 22. bxa4 cxb4 23. axb4 bxa4 24. e5 a3 25. Ra1 Ra4 26. Ra2 Rea8 27. h3 Bxf3 28. Bxf3 Rxb4 29. Re3 Rb2 30. Raxa3 Rxa3 31. Rxa3 Bxe5 32. Rd3 Bd6 33. Bd1 Bc5 34. Rf3 Kg7 35. g4 f5 36. g5 h6 37. h4 Rd2 38. gxh6+ Kxh6 39. Bb3 Rd4 40. Rc3 b6 41. Rh3 Kh5 42. Kf1 Rxh4 43. Rxh4+ Kxh4 44. Ba4 Kg4 45. Ke2 Kf4 46. Be8 g5 47. Bd7 Ke4 48. Bc6 Bd6 49. Bd7 g4 50. Kf1 g3 51. fxg3 Bxg3 52. Ke2 Bd6 53. Kf2 f4 0-1

[Event "RUS-ch Seniors"]
[Site "Lesnoj Gorodok"]
[Date "2009.10.08"]
[Round "6"]
[White "Chernikov, Oleg L"]
[Black "Kremenietsky, Anatoly M"]
[Result "1/2-1/2"]
[WhiteElo "2395"]
[BlackElo "2361"]
[PlyCount "35"]
[EventDate "2009.10.03"]
[EventType "swiss"]
[EventRounds "9"]
[EventCountry "RUS"]
[SourceTitle "CBM 132 Extra"]
[Source "ChessBase"]
[SourceDate "2009.11.03"]
[SourceVersion "1"]
[SourceVersionDate "2009.11.03"]
[SourceQuality "1"]

1. d4 Nf6 2. Nf3 e6 3. Bg5 c5 4. e3 Be7 5. c4 Qb6 6. b3 h6 7. Bf4 Qa5+ 8. Qd2 Qxd2+ 9. Nbxd2 Nh5 10. Bxb8 Rxb8 11. dxc5 Bxc5 12. a3 a5 13. Nd4 Nf6 14. Be2 b6 15. Bf3 Ke7 16. Ke2 Bxd4 17. exd4 Bb7 18. a4 1/2-1/2

[Event "RUS-ch Seniors"]
[Site "Lesnoj Gorodok"]
[Date "2009.10.06"]
[Round "4"]
[White "Ivanov, Viktor P"]
[Black "Kremenietsky, Anatoly M"]
[Result "0-1"]
[WhiteElo "2028"]
[BlackElo "2361"]
[PlyCount "66"]
[EventDate "2009.10.03"]
[EventType "swiss"]
[EventRounds "9"]
[EventCountry "RUS"]
[SourceTitle "CBM 132 Extra"]
[Source "ChessBase"]
[SourceDate "2009.11.03"]
[SourceVersion "1"]
[SourceVersionDate "2009.11.03"]
[SourceQuality "1"]

1. e4 c5 2. Nf3 d6 3. Bb5+ Bd7 4. Bxd7+ Qxd7 5. 0-0 Nf6 6. e5 dxe5 7. Nxe5 Qc7 8. d4 cxd4 9. Bf4 Qd8 10. Nd2 g6 11. Ndf3 Bg7 12. Nxf7 Kxf7 13. Ng5+ Kg8 14. Ne6 Qd7 15. Re1 Nc6 16. Qd2 h6 17. Rad1 Rc8 18. c3 Nd5 19. cxd4 Nxf4 20. Qxf4 Bf6 21. d5 Nd8 22. Qg4 Nxe6 23. dxe6 Qe8 24. Rd7 Kg7 25. h4 h5 26. Qb4 b5 27. g3 a6 28. Red1 Rc4 29. Qa5 Qc8 30. Qd2 Qc6 31. Qd6 Qxd6 32. R1xd6 Ra4 33. a3 b4 0-1

[Event "EU-chT Seniors 11th"]
[Site "Velden"]
[Date "2009.04.05"]
[Round "1"]
[White "Arp, Frans"]
[Black "Kremenietsky, Anatoly M"]
[Result "0-1"]
[WhiteElo "2095"]
[BlackElo "2361"]
[PlyCount "72"]
[EventDate "2009.04.05"]
[EventType "team-swiss"]
[EventRounds "9"]
[EventCountry "AUT"]
[SourceTitle "CBM 129 Extra"]
[Source "ChessBase"]
[SourceDate "2009.05.05"]
[SourceVersion "2"]
[SourceVersionDate "2009.05.20"]
[SourceQuality "1"]

1. e4 c5 2. Nf3 d6 3. d4 cxd4 4. Nxd4 Nf6 5. Nc3 a6 6. Bg5 Nbd7 7. f4 g6 8. Bc4 Bg7 9. Qe2 h6 10. Bxf7+ Kxf7 11. Qc4+ d5 12. Nxd5 b5 13. Qc6 Nb8 14. Qxa8 hxg5 15. Qxb8 Nxd5 16. Nc6 Qb6 17. Qxb6 Nxb6 18. fxg5 Bb7 19. Nb4 Bxb2 20. 0-0+ Kg7 21. Rad1 Be5 22. g3 Bd6 23. Nd5 Nxd5 24. exd5 Rc8 25. Rd2 Bb4 26. Rd3 Rxc2 27. h4 Bc5+ 28. Kh1 e6 29. g4 Bxd5+ 30. Rxd5 exd5 31. Rf6 Rc4 32. Rc6 Be3 33. Re6 Re4 34. Rxa6 Rxg4 35. Ra5 Rxh4+ 36. Kg2 Rb4 0-1

[Event "Moscow op-A"]
[Site "Moscow"]
[Date "2009.02.07"]
[Round "8"]
[White "Kremenietsky, Anatoly M"]
[Black "Solovjev, Nikolay1111"]
[Result "1-0"]
[WhiteElo "2346"]
[BlackElo "2304"]
[PlyCount "65"]
[EventDate "2009.01.31"]
[EventType "swiss"]
[EventRounds "9"]
[EventCountry "RUS"]
[SourceTitle "EXT 2023"]
[Source "ChessBase"]
[SourceDate "2022.10.05"]
[SourceVersion "1"]
[SourceVersionDate "2022.10.05"]
[SourceQuality "1"]

1. d4 Nf6 2. Nf3 c5 3. e3 d5 4. c4 Bg4 5. cxd5 Nxd5 6. Qb3 Nc6 7. Nc3 Nxc3 8. bxc3 Qc7 9. Rb1 Bc8 10. d5 Na5 11. Bb5+ Kd8 12. Qc2 f6 13. Bd3 g6 14. c4 e6 15. Bb2 Rg8 16. dxe6 Bxe6 17. e4 Bg4 18. Nd2 Bg7 19. 0-0 Nc6 20. f4 Be6 21. a3 Bd7 22. f5 g5 23. e5 Nxe5 24. Bxe5 Qxe5 25. Be4 Rc8 26. Nf3 Qe7 27. Rfe1 Qd6 28. Rbd1 Qc7 29. Bd5 Re8 30. Be6 Re7 31. Rd5 Qc6 32. Red1 Rc7 33. Rd6 1-0

[Event "Moscow op-A"]
[Site "Moscow"]
[Date "2009.02.06"]
[Round "7"]
[White "Vasiukov, Evgeni"]
[Black "Kremenietsky, Anatoly M"]
[Result "1-0"]
[WhiteElo "2515"]
[BlackElo "2346"]
[PlyCount "46"]
[EventDate "2009.01.31"]
[EventType "swiss"]
[EventRounds "9"]
[EventCountry "RUS"]
[SourceTitle "EXT 2023"]
[Source "ChessBase"]
[SourceDate "2022.10.05"]
[SourceVersion "1"]
[SourceVersionDate "2022.10.05"]
[SourceQuality "1"]

1. e4 c5 2. Nf3 d6 3. Bb5+ Bd7 4. Bxd7+ Qxd7 5. 0-0 Nf6 6. Qe2 e6 7. c3 Be7 8. d4 cxd4 9. cxd4 d5 10. e5 Ng8 11. Nc3 Nc6 12. Be3 0-0-0 13. a3 Kb8 14. b4 h5 15. Nd2 f6 16. Nb3 fxe5 17. dxe5 Ka8 18. f4 Rc8 19. Qd3 Nh6 20. f5 Nb8 21. Rfd1 Nxf5 22. Bf2 Rhf8 23. a4 Qe8 1-0

[Event "RUS-ch Seniors"]
[Site "Odintsovo"]
[Date "2008.10.02"]
[Round "1"]
[White "Kremenietsky, Anatoly M"]
[Black "Matveenko, Yury"]
[Result "1-0"]
[WhiteElo "2357"]
[BlackElo "2138"]
[PlyCount "137"]
[EventDate "2008.10.02"]
[EventType "swiss"]
[EventRounds "9"]
[EventCountry "RUS"]
[SourceTitle "CBM 127 Extra"]
[Source "ChessBase"]
[SourceDate "2009.01.08"]
[SourceVersion "2"]
[SourceVersionDate "2009.01.28"]
[SourceQuality "1"]

1. d4 d5 2. c4 c6 3. e3 Nf6 4. Nc3 e6 5. Nf3 Be7 6. Bd3 0-0 7. 0-0 dxc4 8. Bxc4 Nbd7 9. e4 b5 10. Bd3 b4 11. Na4 c5 12. dxc5 Nxc5 13. Nxc5 Bxc5 14. e5 Nd7 15. Bxh7+ Kxh7 16. Ng5+ Kg6 17. Qc2+ f5 18. exf6+ Kxf6 19. Ne4+ Kf7 20. Nxc5 Nxc5 21. Qxc5 Qe7 22. Be3 Qb7 23. Rac1 Kg8 24. Rfd1 b3 25. a3 a5 26. Qe5 Qf7 27. Qg3 Bb7 28. Bc5 Rfd8 29. Qxb3 a4 30. Qg3 Rac8 31. Rxd8+ Rxd8 32. Bb4 Qh5 33. h3 Rd1+ 34. Rxd1 Qxd1+ 35. Kh2 Qd5 36. Bc3 Qd7 37. h4 Be4 38. Qe5 Bc2 39. f3 Qf7 40. Kg1 Bb3 41. Kf2 Bd5 42. h5 Kh7 43. Bd4 Bb3 44. g4 Bd1 45. Qe4+ Kg8 46. Qd3 Bb3 47. Qe3 Qc7 48. Qe5 Qxe5 49. Bxe5 Kf7 50. f4 Bd1 51. Kg3 Kf8 52. Kh4 Kf7 53. g5 Kf8 54. b4 axb3 55. Bb2 Be2 56. g6 Kg8 57. Kg5 Bb5 58. h6 gxh6+ 59. Kxh6 Ba4 60. Kg5 Bb5 61. Kf6 Bc4 62. a4 Kf8 63. a5 Kg8 64. Ke7 Bd3 65. g7 Bc4 66. Be5 Bd5 67. a6 Bc4 68. a7 Bd5 69. Bb2 1-0